000 00538cam a2200145 4500500
005 20251228072921.0
041 _afre
042 _adc
100 1 0 _aCléro, Jean-Pierre
_eauthor
245 0 0 _aGérard MAIRET, La fable du monde. Enquête philosophique sur la liberté de notre temps, Paris, Gallimard, « NRF-Essais », 2005
260 _c2005.
500 _a60
786 0 _nCités | 24 | 4 | 2005-12-01 | p. 169e-185e | 1299-5495
856 4 1 _uhttps://shs.cairn.info/revue-cites-2005-4-page-169e?lang=fr&redirect-ssocas=7080
999 _c1594452
_d1594452